UBT Library

Medical Clinics of north america / Common neurologic disorders: (Record no. 2056)

000 -LEADER
fixed length control field 00329nam a22001217a 4500
008 - FIXED-LENGTH DATA ELEMENTS--GENERAL INFORMATION
fixed length control field 160511b xxu||||| |||| 00| 0 eng d
020 ## - INTERNATIONAL STANDARD BOOK NUMBER
International Standard Book Number 9781437705003
020 ## - INTERNATIONAL STANDARD BOOK NUMBER
International Standard Book Number 1437705006
041 ## - LANGUAGE CODE
Language code of text/sound track or separate title eng
080 ## - UNIVERSAL DECIMAL CLASSIFICATION NUMBER
Universal Decimal Classification number 61
245 ## - TITLE STATEMENT
Title Medical Clinics of north america / Common neurologic disorders:
Statement of responsibility, etc Randolph W. Evans MD;
942 ## - ADDED ENTRY ELEMENTS (KOHA)
Source of classification or shelving scheme
Item type Books
Holdings
Withdrawn status Lost status Source of classification or shelving scheme Damaged status Not for loan Collection code Permanent location Current location Shelving location Date acquired Total Checkouts Full call number Barcode Date last seen Price effective from Koha item type
          Koleksioni i përgjithshem UBT - Lipjan UBT - Lipjan Koleksioni i përgjithshem 05/11/2016   61 EVA 002-029112 05/11/2016 05/11/2016 Books
UBT Library © 2015-2024. All rights reserved University Education for Business and Technology